Les genres de jeux vidéos - Statistiques

Statistiques générales
  • Ce quiz a été pris 140 fois
  • Le résultat moyen est 5 sur 9
Statistiques - réponses
Descriptions Genres % Correct
Des jeux de tirs en 3D, ou le joueur incarne le héros à la première personne. FPS
93%
Ce genre assemble les jeux de rôle et les jeux en ligne massivement multijoueurs. MMORPG
76%
Le joueur incarne un personnage, parfois plusieurs, qu’il fait évoluer en prenant part à une aventure. RPG
76%
Réservé aux amateurs de frissons et d’ambiances terrifiantes, ce genre peut prendre plusieurs formes. Jeux d'horreur
70%
Ce genre n'as qu'un objectif : la vitesse ! Jeux de course
50%
Le héros doit sauter d’élément en élément par-dessus des obstacles tels que des précipices, des lacs de laves ou encore des pics acérés. Jeux de plateforme
39%
Dans ce genre, votre seule limite est votre imagination. Bac à sable
33%
Le concept est simple : des équipes s’affrontent dans une arène avec pour objectif de vaincre leurs adversaire. MOBA
31%
L' objectif est de développer et de gérer une colonie, une ville, une armée et bien d’autres choses encore RTS
28%
Aucun quiz correspondant
Distribution des résultats
% des personnes avec chaque résultat
Percentile par nombre de réponses
Votre historique - résultats
Vous n’avez pas pris ce quiz